| 000 | 00871nam a2200253Ia 4500 | ||
|---|---|---|---|
| 999 |
_c42049 _d42049 |
||
| 001 | 8739 | ||
| 003 | GE_BSU | ||
| 005 | 20240603153728.0 | ||
| 008 | 181216s2009||||ge |||||||||||||| ||geo|| | ||
| 020 | _a9789941409851 | ||
| 040 | _cGE_BSU | ||
| 041 | _ageo | ||
| 080 | _a811.111'373(042.4) G-66 | ||
| 100 |
_aGoshketeliani, Irine _913121 |
||
| 245 |
_aEnglish Lexicology : _b(Concise form of Lectures) / _cIrine Goshkheteliani ; ed. Madona Megrelishvili. |
||
| 264 |
_aთბილისი : _bშოთა რუსთაველის სახ. უნ–ტი, _c2009. |
||
| 300 |
_a178 p. : _bfig. ; _c20 cm. |
||
| 504 | _aBibliogr. p. 178 | ||
| 541 | _h7ლ. | ||
| 653 | _aEnglish Lexicology | ||
| 653 | _aინგლისური ენის ლექსიკოლოგია | ||
| 700 |
_aMegrelishvili, Madona _eAuthor _913282 |
||
| 942 |
_cBK _2udc |
||